| 000 | 00554nam a2200169 4500 | ||
|---|---|---|---|
| 001 | 148206 | ||
| 003 | ES-MaACL | ||
| 005 | 20230906202507.0 | ||
| 007 | t| | ||
| 008 | 070214s1969 sp r ||||1| spa d | ||
| 100 | 1 |
_aStokes, William Lee. _9108279 |
|
| 245 | 1 | 0 |
_aHistoria de la Tierra / _cWilliam Lee Stokes ; versión... Federico Portillo García. |
| 260 |
_aMadrid : _bAguilar, _c[1969] ( _fSelecciones Gráficas) |
||
| 300 |
_aXVI, 575 p. : _bil. ; _c25 cm. |
||
| 700 | 1 |
_aPortillo García, Federico. _993266 |
|
| 852 |
_aES-MaACL _jC-37834 _bR.72258 |
||
| 999 |
_c148206 _d148206 |
||